000 00734cam a22002533a 4500
001 16482
003 PGUSA
005 20140828083342.0
008 050808s2005||||xxu|||||s|||||000 | eng d
040 _aPGUSA
_beng
042 _adc
050 4 _aDK
100 1 _aRamsay, Anders,
_d1832-1910
245 1 0 _aMuistoja lapsen ja hopeahapsen 2 :
_bKuvauksia
_h[electronic resource] /
_cAnders Ramsay
260 _bProject Gutenberg,
_c2005
506 _aPublic domain in the USA.
516 _aElectronic text
653 _aFinland -- Biography
653 _aRamsay, Anders, 1832-1910
700 1 _aSarlin, Knut,
_d1882-1923
830 0 _aProject Gutenberg
_v16482
856 4 0 _uhttp://www.gutenberg.org/ebooks/16482
942 _cEB
999 _c245737
_d245737